ˆ...‰ Einige statistische Angaben und Eigentümlichkeiten der Überschwemmungen in der Newamündung (Запись № 8471976)

Подробности
000 -МАРКЕР
контрольное поле 01237nam0a22002891 4500
001 - ИДЕНТИФИКАТОР ЗАПИСИ
контрольное поле RU\NLR\INFOCOMM_161\5000059981
005 - ИДЕНТИФИКАТОР ВЕРСИИ
контрольное поле 20260407104850.0
010 ## - МЕЖДУНАРОДНЫЙ СТАНДАРТНЫЙ НОМЕР КНИГИ (ISBN)
Тираж 700 экз.
Цена [Б. ц.]
035 ## - ДРУГИЕ СИСТЕМНЫЕ НОМЕРА
Идентификатор записи (NLR Aleph) 009164087
100 ## - ДАННЫЕ ОБЩЕЙ ОБРАБОТКИ
Данные общей обработки 20100212d1933 |||y0rusy50 ca
101 0# - ЯЗЫК РЕСУРСА
Язык текста, звукозаписи и т.д. немецкий
102 ## - СТРАНА ПУБЛИКАЦИИ ИЛИ ПРОИЗВОДСТВА
Страна публикации российская федерация
105 ## - ПОЛЕ КОДИРОВАННЫХ ДАННЫХ: ТЕКСТОВЫЕ МАТЕРИАЛЫ, МОНОГРАФИЧЕСКИЕ
Кодированные данные о монографическом текстовом документе a ||||000|y
200 1# - ЗАГЛАВИЕ И СВЕДЕНИЯ ОБ ОТВЕТСТВЕННОСТИ
Основное заглавие ˆ...‰ Einige statistische Angaben und Eigentümlichkeiten der Überschwemmungen in der Newamündung
Первые сведения об ответственности E. V. Bruns (UdSSR)
Последующие сведения об ответственности IV hydrologische Konferenz der Baltischen Staaten. Leningrad, September 1933
210 ## - ПУБЛИКАЦИЯ, РАСПРОСТРАНЕНИЕ И ДР.
Место издания, распространения и т.д. [Ленинград]
Дата издания, распространения и т.д. [1933]
Имя изготовителя Тип. "Сов. печатник"
215 ## - ФИЗИЧЕСКАЯ ХАРАКТЕРИСТИКА
Специфическое обозначение материала и объем 9 с.
Другие сведения о физической характеристике граф.
Размеры 23×16 см
606 ## - НАИМЕНОВАНИЕ ТЕМЫ КАК ПРЕДМЕТ
Наименование темы Наводнения
Географический подзаголовок Нева
Код системы nlr_sh1
606 ## - НАИМЕНОВАНИЕ ТЕМЫ КАК ПРЕДМЕТ
Наименование темы Наводнения
Географический подзаголовок Ленинград
Код системы nlr_sh1
606 ## - НАИМЕНОВАНИЕ ТЕМЫ КАК ПРЕДМЕТ
Наименование темы Гидрология
Тематический подзаголовок Съезды
Код системы nlr_sh1
700 #1 - ИМЯ ЛИЦА - ПЕРВИЧНАЯ ОТВЕТСТВЕННОСТЬ
Код отношения Автор
Графика поля Латинская
Материалы, к которым относится поле rus
Начальный элемент ввода Bruns
Часть имени, кроме начального элемента ввода É. V.
Даты 1900-1978
Расширение инициалов личного имени Érik Viktorovič
Системный номер авторитетной/нормативной записи 260876
Идентификатор авторитетной/нормативной записи RU\NLR\AUTH\770260932
712 12 - НАИМЕНОВАНИЕ ОРГАНИЗАЦИИ - ВТОРИЧНАЯ ОТВЕТСТВЕННОСТЬ
Код отношения Прочие
Материалы, к которым относится поле ger
Начальный элемент ввода Hydrologische Konferenz der Baltischen Staaten
Порядковый номер временной организации и / или порядковый номер ее части 4
Дата проведения временной организации 1933
Место проведения временной организации Leningrad
Графика поля Латинская
Идентификатор авторитетной/нормативной записи RU\NLR\AUTH\8810060473
Системный номер авторитетной/нормативной записи 622310
801 #1 - ИСТОЧНИК ЗАПИСИ
Страна российская федерация
Организация NLR
Дата составления 20100212
801 #0 - ИСТОЧНИК ЗАПИСИ
Страна российская федерация
Организация NLR
Правила каталогизации PSBO
852 ## - МЕСТОНАХОЖДЕНИЕ И ШИФР ХРАНЕНИЯ
Идентификатор организации NLR
Шифр хранения (Call Number) D11/140
Публикуемое примечание 2 экз.
942 ## - ДОПОЛНИТЕЛЬНЫЕ ЭЛЕМЕНТЫ ЗАПИСИ (АБИС)
Тип экземпляра АБИС Книга
980 ## - КОЛЛЕКЦИЯ
Название коллекции Национальная библиография
Экземпляры
Тип экземпляра Дата поступления Библиотека постоянного хранения Библиотека текущего хранения Место хранения Шифр хранения Штрих-код Статус не для выдачи
Книга 26.10.2013 РНБ (Садовая) РНБ (Садовая) Иностранный книжный фонд, главное здание (Садовая) D11/140 9164087-10